Разработка протокола и формата данных для взаимодействия компонентов программного комплекса моделирования материалов; Физико-технические проблемы в науке, промышленности и медицине

Bibliographic Details
Parent link:Физико-технические проблемы в науке, промышленности и медицине.— 2015.— [С. 337-338]
Main Author: Шумаев Д. М.
Corporate Author: Национальный исследовательский Томский политехнический университет
Other Authors: Обходский А. В. Артем Викторович
Summary:Заглавие с титульного экрана
Language:Russian
Published: 2015
Series:Информационные технологии, автоматизация и системы управления
Subjects:
Online Access:http://earchive.tpu.ru/handle/11683/17569
http://www.lib.tpu.ru/fulltext/c/2015/C49/308.pdf
Format: Electronic Book Chapter
KOHA link:https://koha.lib.tpu.ru/cgi-bin/koha/opac-detail.pl?biblionumber=612917

MARC

LEADER 00000naa2a2200000 4500
001 612917
005 20260224145018.0
035 |a (RuTPU)RU\TPU\conf\11048 
035 |a RU\TPU\conf\11016 
090 |a 612917 
100 |a 20150630d2015 k y0rusy50 ca 
101 0 |a rus 
102 |a RU 
105 |a y z 101zy 
135 |a drgn ---uucaa 
181 0 |a i  
182 0 |a b 
200 1 |a Разработка протокола и формата данных для взаимодействия компонентов программного комплекса моделирования материалов  |f Д. М. Шумаев, А. В. Обходский 
203 |a Текст  |c электронный 
225 1 |a Информационные технологии, автоматизация и системы управления 
300 |a Заглавие с титульного экрана 
320 |a [Библиогр.: с. 338 (2 назв.)] 
337 |a Adobe Reader 
463 0 |0 (RuTPU)RU\TPU\conf\10637  |t Физико-технические проблемы в науке, промышленности и медицине  |o сборник тезисов докладов VII Международной научно-практической конференции, г. Томск, 3-6 июня 2015 г.  |f Национальный исследовательский Томский политехнический университет (ТПУ) ; под ред. А. Н. Дьяченко [и др.]  |v [С. 337-338]  |d 2015 
610 1 |a труды учёных ТПУ 
610 1 |a электронный ресурс 
610 1 |a протоколы 
610 1 |a форматы 
610 1 |a данные 
610 1 |a взаимодействия 
610 1 |a компоненты 
610 1 |a программные комплексы 
610 1 |a моделирование 
610 1 |a материалы 
700 1 |a Шумаев  |b Д. М. 
701 1 |a Обходский  |b А. В.  |c специалист в области атомной энергетики  |c доцент Томского политехнического университета, кандидат технических наук  |f 1982-  |g Артем Викторович  |3 (RuTPU)RU\TPU\pers\27571 
712 0 2 |a Национальный исследовательский Томский политехнический университет  |c (2009- )  |9 26305 
801 2 |a RU  |b 63413507  |c 20210210  |g RCR 
856 4 |u http://earchive.tpu.ru/handle/11683/17569 
856 4 |u http://www.lib.tpu.ru/fulltext/c/2015/C49/308.pdf 
942 |c BK